LEADER 01063nam0-22003851i-450- 001 990008007840403321 005 20050404161701.0 010 $a0-387-22073-9 035 $a000800784 035 $aFED01000800784 035 $a(Aleph)000800784FED01 035 $a000800784 100 $a20050218d2005----km-y0itay50------ba 101 0 $aeng 102 $aUS 105 $aa---a---001yy 200 1 $aStatistical and computational inverse problems$fJ.Kaipio,E.Somersalo 210 $aNew York$cSpringer$dc2005 215 $axvi,339 p.$d24 cm 225 1 $aApplied mathematical sciences$v160 610 0 $aProblemi inversi 610 0 $aSoluzioni numeriche 676 $a515.35$v22$zita 700 1$aKaipio,$bJari$0294596 701 1$aSomersalo,$bErkki$053507 801 0$aIT$bUNINA$gRICA$2UNIMARC 901 $aBK 912 $a990008007840403321 952 $aC-33-(160$b20767$fMA1 959 $aMA1 962 $a15A29 962 $a35R25 962 $a62F15 996 $aStatistical and computational inverse problems$9750784 997 $aUNINA LEADER 01008cam0-2200361---450- 001 990004104810403321 005 20111128113309.0 035 $a000410481 035 $aFED01000410481 035 $a(Aleph)000410481FED01 035 $a000410481 100 $a19990604d1966----km-y0itay50------ba 101 1 $aita 102 $aIT 105 $ay-------001yy 200 1 $a<>concetto della storia$fR. G. Collingwood$ga cura di Domenico Pesce 210 $aMilano$cFabbri$dc1966 215 $a360 p.$d22 cm 225 1 $aFilosofi contemporanei$v8 610 0 $aStoria$aConcetto 676 $a192 676 $a907 700 1$aCollingwood,$bRobin George$f<1889-1943>$0254441 702 1$aPesce,$bDomenico 801 0$aIT$bUNINA$gRICA$2UNIMARC 901 $aBK 912 $a990004104810403321 952 $aCOLLEZ. 189 (8)$b2823$fFSPBC 952 $aP.1 FG 2337$bIst. fil. teor. 1745$fFLFBC 959 $aFLFBC 959 $aFSPBC 996 $aConcetto della storia$9478451 997 $aUNINA